00666nam a2200229 a 4500001001300000003000900013005001700022008004100039020001000080082001800090100002100108245001500129260004500144300000900189500003500198650001900233700002100252902000800273942000700281952013100288999001700419nice12345678IN_TiNIC20260116013354.0070725s1994 dela grp 000 0 eng  ac30000a294.5921bDEB aDebroy, Dipavali aHoly Vedas aDelhibB.R. Publishing Corporationc1994 a445p aincludes index and biblioraphy aVedas-Hinduism1 aDebroy, Dipavali bSRS cBK 001040708StackRoom-aHMIbHMId2007-07-25g300.00l2o294.5921 DEBp015220r2019-07-02s2019-06-20v300.00w2007-07-25yBK c10743d10743